[Event "GER-ch U25-B"]
[Site "Willingen"]
[Date "2017.06.06"]
[Round "5"]
[White "Abou Wally, Adrian"]
[Black "Braeutigam, Alexander"]
[Result "1-0"]
[WhiteElo "1197"]
[BlackElo "1039"]
[PlyCount "51"]
[EventDate "2017.06.04"]
[EventType "swiss"]
[EventRounds "9"]
[EventCountry "GER"]
[SourceTitle "CBM 178 Extra"]
[Source "ChessBase"]
[SourceDate "2017.06.22"]
[SourceVersion "1"]
[SourceVersionDate "2017.06.22"]
[SourceQuality "1"]

1. e4 c5 2. d4 cxd4 3. c3 dxc3 4. Nxc3 d6 5. Nf3 Bg4 6. Bc4 Nc6 7. 0-0 e6 8. Qe2 Nge7 9. Rd1 Qc7 10. Bf4 e5 11. Be3 g6 12. h3 Bd7 13. Rac1 Bg7 14. Nb5 Qb8 15. Nxd6+ Kf8 16. Nxf7 Ke8 17. Nxh8 Bxh8 18. Ng5 h6 19. Bf7+ Kd8 20. Be6 hxg5 21. Rxd7+ Ke8 22. Bxg5 Nc8 23. Rxc6 Nb6 24. Qf3 Bf6 25. Qxf6 Nxd7 26. Qe7# 1-0